2 Letter ISO Country Codes - Guess Asia Countries - Statistics

General Stats
  • This quiz has been taken 14 times
    6 since last reset
  • The average score is 26 of 48
Answer Stats
Codes Countries % Correct
AF Afghanistan
100%
AZ Azerbaijan
83%
AM Armenia
67%
BH Bahrain
67%
BT Bhutan
67%
BN Brunei
67%
CN China
67%
CY Cyprus
67%
GE Georgia
67%
IN India
67%
ID Indonesia
67%
IR Iran
67%
IQ Iraq
67%
JP Japan
67%
KZ Kazakhstan
67%
MN Mongolia
67%
MM Myanmar
67%
AE United Arab Emirates
67%
BD Bangladesh
50%
KH Cambodia
50%
IL Israel
50%
JO Jordan
50%
KW Kuwait
50%
KG Kyrgyzstan
50%
LA Laos
50%
LB Lebanon
50%
MV Maldives
50%
NE Nepal
50%
KP North Korea
50%
OM Oman
50%
PK Pakistan
50%
PH Philippines
50%
QA Qatar
50%
KR South Korea
50%
LK Sri Lanka
50%
SY Syria
50%
TW Taiwan
50%
TH Thailand
50%
UZ Uzbekistan
50%
VN Vietnam
50%
YE Yemen
50%
TL East Timor
33%
MY Malaysia
33%
SA Saudi Arabia
33%
SG Singapore
33%
TJ Tajikistan
33%
TM Turkmenistan
33%
TR Turkey
17%
No matching quizzes found
Score Distribution
Percent of People with Each Score
Percentile by Number Answered
Your Score History
You have not taken this quiz since the last reset